000
00249nam a2200097Ia 4500
001
652679
005
20250826154443.0
008
250824s9999 xx 000 0 und d
245
0
_a
SERÜVEN AVCILARI
_c
JEANNE BİRDSALL
260
_b
ALTIN KİTAP YAYINLARI
999
_c
652679
_d
652679